| 000 | 00611nam a22001937a 4500 | ||
|---|---|---|---|
| 008 | 130821s1930 xxu gr eng | ||
| 040 |
_aCo-BoUCM _bspa |
||
| 041 | 0 | 0 | _aeng |
| 100 |
_aKeene, Carolyn _9149739 |
||
| 245 | 0 | 4 |
_aThe secret of the old clock _cCarolyn Keene |
| 260 |
_aNueva York (Estados Unidos) _bGrosset Dunlap _c1930 |
||
| 300 | _a210 páginas | ||
| 500 | _aIncluye índice | ||
| 600 |
_aCastro Silva _9563 |
||
| 650 | 0 | 4 |
_aCuentos estadounidenses _912271 |
| 650 | 0 | 4 |
_aCuentos infantiles _912283 |
| 942 |
_cLIBRO _a18 _e1 _mK33 _n0 _2DEWEY _h813 |
||
| 999 |
_c86042 _d86042 |
||